[Event "XXIII Festival A"]
[Site "Arco ITA"]
[Date "2001.10.21"]
[Round "2"]
[White "Koops, Randolf"]
[Black "Goldinger, Peter"]
[Result "1/2-1/2"]
[WhiteElo "2041"]
[BlackElo "2230"]
[PlyCount "81"]
[EventDate "2001.10.20"]

1.d4 Nf6 2.Nf3 c5 3.d5 e6 4.c4 exd5 5.cxd5 d6 6.Nc3 g6 7.e4 Bg7 8.Bg5 O-O 
9.Nd2 Nbd7 10.Be2 a6 11.a4 Re8 12.O-O Qc7 13.f4 h6 14.Bh4 c4 15.e5 dxe5 
16.fxe5 Nxe5 17.Bxf6 Qb6+ 18.Kh1 Bxf6 19.d6 Bg7 20.Nxc4 Nxc4 21.Bxc4 Bf5 
22.d7 Rf8 23.Nd5 Qd8 24.Qb3 Qh4 25.Rf4 Qd8 26.Re1 Qxd7 27.Ne7+ Kh8 28.Bxf7
Qd2 29.Rff1 Qg5 30.Nxf5 gxf5 31.Be6 Rad8 32.Re2 Rd6 33.Rfe1 b6 34.Bc4 a5 
35.h3 f4 36.Re8 Rd2 37.Bf1 f3 38.Qxf3 Qc5 39.Rxf8+ Qxf8 40.Qxf8+ Bxf8 41.
b3 1/2-1/2

[Event "XXIII Festival A"]
[Site "Arco ITA"]
[Date "2001.10.21"]
[Round "2"]
[White "Naumkin, Igor"]
[Black "Medancic, Rikard"]
[Result "1/2-1/2"]
[WhiteElo "2414"]
[BlackElo "2237"]
[PlyCount "39"]
[EventDate "2001.10.20"]

1.d4 d5 2.c4 dxc4 3.Nf3 Nf6 4.e3 e6 5.Bxc4 c5 6.O-O a6 7.a4 Nc6 8.Qe2 Qc7 
9.Nc3 b6 10.Rd1 Be7 11.h3 Bb7 12.d5 exd5 13.Bxd5 O-O 14.e4 Nb4 15.Bxb7 
Qxb7 16.e5 Nfd5 17.Nxd5 Nxd5 18.Qe4 Rad8 19.Bg5 Qc6 20.Rd2 1/2-1/2

[Event "XXIII Festival A"]
[Site "Arco ITA"]
[Date "2001.10.21"]
[Round "2"]
[White "Ortega, Lexy"]
[Black "Dittmar, Peter"]
[Result "1/2-1/2"]
[WhiteElo "2494"]
[BlackElo "2316"]
[PlyCount "114"]
[EventDate "2001.10.20"]

1.d4 d5 2.Nf3 Nf6 3.c4 e6 4.Nc3 c5 5.cxd5 Nxd5 6.e3 Nc6 7.Bd3 Be7 8.O-O 
O-O 9.a3 cxd4 10.exd4 b6 11.Nxd5 Qxd5 12.Qc2 Bb7 13.Bxh7+ Kh8 14.Be4 Nxd4 
15.Bxd5 Nxc2 16.Bxb7 Rab8 17.Bf4 Nxa1 18.Bxb8 Rxb8 19.Be4 Nb3 20.Bc2 Na5 
21.Ne5 Bf6 22.Nxf7+ Kg8 23.Bg6 Bxb2 24.Rd1 Rc8 25.a4 Kf8 26.h4 Rc1 27.Rxc1
Bxc1 28.Nd6 Bf4 29.Nb5 Bb8 30.Be4 Ke7 31.g4 Kf6 32.g5+ Ke5 33.f3 Nc4 34.
Kf2 Nd6 35.Ke3 Nc4+ 36.Ke2 a6 37.Nc3 Kd4 38.Nd1 b5 39.axb5 axb5 40.Nf2 Nd6
41.Bb1 Nf5 42.Bxf5 exf5 43.Nd3 Bd6 44.h5 Be7 45.Nf4 b4 46.h6 gxh6 47.gxh6 
Bf6 48.h7 b3 49.Kd2 b2 50.Kc2 Bh8 51.Ng6 Bg7 52.Nh4 Ke5 53.Kxb2 Kf4+ 54.
Kc2 Kg5 55.Ng2 Kg6 56.Kd3 Kxh7 57.Nh4 Ba1 1/2-1/2

[Event "XXIII Festival A"]
[Site "Arco ITA"]
[Date "2001.10.21"]
[Round "2"]
[White "Popa, Claudiu"]
[Black "Trauth, Michael"]
[Result "1/2-1/2"]
[WhiteElo "2072"]
[BlackElo "2195"]
[PlyCount "77"]
[EventDate "2001.10.20"]

1.e4 c5 2.c3 d5 3.exd5 Qxd5 4.d4 cxd4 5.cxd4 Nc6 6.Nf3 e5 7.Nc3 Bb4 8.Bd2 
Bxc3 9.Bxc3 exd4 10.Nxd4 Nge7 11.Nxc6 Qxc6 12.Qd4 Be6 13.O-O-O Nd5 14.Qxg7
O-O-O 15.Qe5 Rhe8 16.Bd3 f6 17.Qd4 Re7 18.Qc4 Nxc3 19.Qxc6+ bxc6 20.bxc3 
Bxa2 21.c4 Bb3 22.Bf5+ Kc7 23.Rxd8 Kxd8 24.c5 h6 25.Kb2 Bd5 26.Bd3 Re5 27.
Ra1 Bxg2 28.Rxa7 Rxc5 29.Rf7 Rd5 30.Kc3 Rd6 31.Rh7 f5 32.Bxf5 Rf6 33.Bd3 
Bf3 34.Kd4 h5 35.Ke3 Bg4 36.Be4 Bf5 37.Rxh5 Bxe4 38.Kxe4 Rxf2 39.Rh7 
1/2-1/2

[Event "XXIII Festival A"]
[Site "Arco ITA"]
[Date "2001.10.21"]
[Round "2"]
[White "Rigo, Janos"]
[Black "Drasko, Milan"]
[Result "0-1"]
[WhiteElo "2338"]
[BlackElo "2508"]
[PlyCount "112"]
[EventDate "2001.10.20"]

1.e4 e6 2.d4 d5 3.Nc3 Bb4 4.e5 Ne7 5.Qg4 c5 6.a3 Bxc3+ 7.bxc3 O-O 8.Bd3 
Nbc6 9.Qh5 Ng6 10.Nf3 Qc7 11.Be3 Nce7 12.h4 Bd7 13.Qg5 f6 14.exf6 gxf6 15.
Qg3 Qxg3 16.fxg3 cxd4 17.cxd4 h5 18.Rb1 b6 19.Bf4 Nxf4 20.gxf4 Be8 21.Kd2 
Bg6 22.Rhe1 Bxd3 23.Kxd3 Kf7 24.a4 Rac8 25.a5 Rc6 26.axb6 axb6 27.Rb3 Rg8 
28.Re2 Rg4 29.Ra3 Ng6 30.g3 Rxg3 31.Kd2 Nxf4 32.Rf2 Rg2 33.Rxg2 Nxg2 34.
Ra7+ Kg6 35.Ra8 Nf4 36.Rf8 Kg7 37.Rb8 Nh3 38.Ne1 Nf2 39.Ng2 Ne4+ 40.Kd1 e5
41.Ne3 Nc3+ 42.Ke1 Kg6 43.dxe5 d4 44.Nf1 fxe5 45.Ng3 b5 46.Rg8+ Kf7 47.Rh8
Rg6 48.Ne2 Rg2 49.Nxc3 dxc3 50.Rxh5 Ke6 51.Kd1 b4 52.Rh6+ Kd5 53.Rb6 Kc5 
54.Re6 Rg1+ 55.Ke2 b3 56.Kf2 bxc2 0-1

[Event "XXIII Festival A"]
[Site "Arco ITA"]
[Date "2001.10.21"]
[Round "2"]
[White "Rotstein, Arkadij"]
[Black "Isonzo, David"]
[Result "1-0"]
[WhiteElo "2500"]
[BlackElo "2343"]
[PlyCount "121"]
[EventDate "2001.10.20"]

1.c4 Nf6 2.Nc3 g6 3.e4 d6 4.d4 Bg7 5.Nf3 O-O 6.Be2 e5 7.Be3 Ng4 8.Bg5 f6 
9.Bc1 Nc6 10.d5 Ne7 11.h3 Nh6 12.h4 Nf7 13.h5 g5 14.Qb3 h6 15.g4 c5 16.Nd2
Rb8 17.Nf1 Bd7 18.Ne3 a6 19.Bd2 Nc8 20.O-O Na7 21.Qa3 b5 22.cxb5 axb5 23.
b4 Qb6 24.Nf5 Rfe8 25.Be3 Bf8 26.Rab1 Rec8 27.Rfc1 Ra8 28.Qb3 Rcb8 29.bxc5
dxc5 30.Na4 Qa5 31.Nxc5 Bxc5 32.Bxc5 Nc8 33.a3 Bxf5 34.exf5 Ncd6 35.Bb4 
Qa7 36.Rc6 Rd8 37.Re1 Qd4 38.Rd1 Qe4 39.Qe3 Qf4 40.Qxf4 gxf4 41.f3 Rab8 
42.Rdc1 Rb7 43.Ra6 Kg7 44.Rcc6 Rbd7 45.Ba5 Re8 46.Bc7 Nc4 47.Bxc4 bxc4 48.
Ba5 Ng5 49.Rxf6 Nxf3+ 50.Kf2 Nh4 51.Rfe6 Rb8 52.Bc3 Rxd5 53.Rxe5 Rd3 54.
Rb5+ Rxc3 55.Rxb8 Rf3+ 56.Ke2 Re3+ 57.Kd1 Rd3+ 58.Kc2 Rd7 59.f6+ Kf7 60.
Rh8 f3 61.Rxh6 1-0

[Event "XXIII Festival A"]
[Site "Arco ITA"]
[Date "2001.10.21"]
[Round "2"]
[White "Ruzzier, Dario"]
[Black "Tocco, Paolo"]
[Result "0-1"]
[WhiteElo "2068"]
[BlackElo "2134"]
[PlyCount "64"]
[EventDate "2001.10.20"]

1.d4 f5 2.c4 Nf6 3.g3 g6 4.Bg2 Bg7 5.Nf3 O-O 6.O-O d6 7.Nc3 Nc6 8.d5 Ne5 
9.Nd2 g5 10.f4 gxf4 11.gxf4 Ng6 12.e4 Nh4 13.Bh3 fxe4 14.Bxc8 Qxc8 15.
Ndxe4 Qh3 16.Qe2 h6 17.Nd2 Nh5 18.Nf3 Nxf4 19.Bxf4 Rxf4 20.Nxh4 Rxh4 21.
Rf3 Qg4+ 22.Kh1 Rf8 23.Rxf8+ Kxf8 24.Rf1+ Ke8 25.Qxg4 Rxg4 26.Nb5 Rxc4 27.
b3 Rc5 28.a4 a6 29.Rg1 Bf6 30.Na3 Rxd5 31.Rg6 Bg5 32.Nc4 Kf7 0-1

[Event "XXIII Festival A"]
[Site "Arco ITA"]
[Date "2001.10.21"]
[Round "2"]
[White "Scalcione, Michelangelo"]
[Black "Godena, Michele"]
[Result "1/2-1/2"]
[WhiteElo "2292"]
[BlackElo "2496"]
[PlyCount "99"]
[EventDate "2001.10.20"]

1.Nf3 d5 2.d4 Nf6 3.c4 e6 4.Nc3 c6 5.Bg5 h6 6.Bxf6 Qxf6 7.e3 Nd7 8.Bd3 
dxc4 9.Bxc4 g6 10.O-O Qe7 11.e4 Bg7 12.Re1 O-O 13.e5 Rd8 14.Qe2 b6 15.Rad1
Rb8 16.Qe4 Bb7 17.Qf4 b5 18.Bb3 c5 19.d5 c4 20.Bc2 Bxd5 21.Nxd5 exd5 22.
Rxd5 Nc5 23.Red1 Nd3 24.Rxd8+ Rxd8 25.Bxd3 Rxd3 26.Re1 Qb4 27.Qc1 Qc5 28.
h3 Qd5 29.Qc2 a6 30.Qe2 a5 31.Qc2 a4 32.Kh1 a3 33.bxa3 Rxa3 34.Rd1 Rxa2 
35.Qb1 Qa8 36.e6 fxe6 37.Qxg6 Ra1 38.Qxe6+ Kh8 39.Rxa1 Qxa1+ 40.Kh2 Qb2 
41.Qe8+ Kh7 42.Qe6 Qf6 43.Qd5 c3 44.Qxb5 Qf4+ 45.Kh1 Qc1+ 46.Kh2 Qf4+ 47.
Kg1 Qc1+ 48.Kh2 c2 49.Qf5+ Kg8 50.Qe6+ 1/2-1/2

[Event "XXIII Festival A"]
[Site "Arco ITA"]
[Date "2001.10.21"]
[Round "2"]
[White "Schaefer, Michael"]
[Black "Belotti, Bruno"]
[Result "0-1"]
[WhiteElo "2234"]
[BlackElo "2403"]
[PlyCount "76"]
[EventDate "2001.10.20"]

1.d4 Nf6 2.c4 g6 3.Nc3 d5 4.Nf3 Bg7 5.cxd5 Nxd5 6.Qb3 Nb6 7.Bg5 O-O 8.Rd1 
Be6 9.Qc2 Bc4 10.g3 h6 11.Bf4 Nc6 12.Bg2 Nb4 13.Qb1 N4d5 14.Be5 f6 15.Bf4 
Qe8 16.Nd2 Nxf4 17.gxf4 Ba6 18.Nb3 Nd7 19.f5 gxf5 20.Nd5 Rc8 21.Bf3 e6 22.
Nf4 c6 23.Rg1 Qe7 24.Rc1 Qd6 25.Nh5 Rf7 26.Rc3 Kh8 27.Qc1 Rg8 28.Nc5 Nxc5 
29.dxc5 Qd4 30.Nf4 e5 31.Nh5 Bf8 32.Rxg8+ Kxg8 33.Ng3 Rg7 34.Kf1 Qh4 35.
Qc2 f4 36.Nf5 Qh3+ 37.Ke1 Rg1+ 38.Kd2 Qf1 0-1

[Event "XXIII Festival A"]
[Site "Arco ITA"]
[Date "2001.10.21"]
[Round "2"]
[White "Slobodjan, Roman"]
[Black "Loktiev, Ivan"]
[Result "1-0"]
[WhiteElo "2522"]
[BlackElo "2353"]
[PlyCount "69"]
[EventDate "2001.10.20"]

1.Nf3 Nf6 2.c4 e6 3.d4 d5 4.Nc3 Nbd7 5.Bf4 c6 6.e3 Be7 7.h3 O-O 8.Qc2 Re8 
9.Rd1 a6 10.a3 dxc4 11.Bxc4 b5 12.Ba2 Bb7 13.O-O c5 14.dxc5 Bxc5 15.Ng5 
Rc8 16.Bb1 g6 17.Qe2 Nd5 18.Nxd5 Bxd5 19.Ne4 Qb6 20.Nxc5 Nxc5 21.Be5 Qb7 
22.Qg4 Nd7 23.Bc3 Rc4 24.Qg3 Qc7 25.Qg5 f5 26.f3 Rf8 27.Bb4 Re8 28.Qh6 Nf6
29.e4 Qa7+ 30.Kh1 Nh5 31.exd5 Ng3+ 32.Kh2 Nxf1+ 33.Rxf1 exd5 34.Ba2 Rd4 
35.f4 1-0

[Event "XXIII Festival A"]
[Site "Arco ITA"]
[Date "2001.10.21"]
[Round "2"]
[White "Wohl, Aleksandar H."]
[Black "Valenti, Giuseppe"]
[Result "1-0"]
[WhiteElo "2379"]
[BlackElo "2206"]
[PlyCount "55"]
[EventDate "2001.10.20"]

1.d4 Nf6 2.Bf4 g6 3.Nf3 Bg7 4.e3 d6 5.Be2 Nbd7 6.O-O O-O 7.c4 h6 8.h3 e6 
9.Nc3 Qe7 10.Re1 e5 11.Bh2 c6 12.b4 Re8 13.c5 dxc5 14.bxc5 exd4 15.exd4 
Nf8 16.Bc4 Be6 17.Rb1 Qd7 18.Ne5 Qc8 19.Qb3 Bxc4 20.Nxc4 Rxe1+ 21.Rxe1 Ne6
22.Nd6 Qd7 23.Be5 Ne8 24.Bxg7 Kxg7 25.Nce4 f5 26.d5 cxd5 27.Qxd5 fxe4 28.
Nf5+ 1-0

[Event "XXIII Festival A"]
[Site "Arco ITA"]
[Date "2001.10.22"]
[Round "3"]
[White "Astengo, Marcello"]
[Black "Egartner, Wolfgang"]
[Result "1-0"]
[WhiteElo "2076"]
[BlackElo "2164"]
[PlyCount "51"]
[EventDate "2001.10.20"]

1.d4 d5 2.Nf3 c6 3.Bf4 Qb6 4.Qc1 Bg4 5.Ne5 Bf5 6.g4 Be4 7.f3 f6 8.fxe4 
fxe5 9.dxe5 e6 10.g5 Ne7 11.Bh3 c5 12.O-O Nd7 13.a4 c4+ 14.Kh1 O-O-O 15.
Na3 Qd4 16.Bg2 Qc5 17.Nb5 Nc6 18.exd5 exd5 19.e6 Nde5 20.c3 a6 21.Be3 Qe7 
22.Nd4 Nxd4 23.Bxd4 Nc6 24.Qe3 Nxd4 25.cxd4 Kb8 26.Rf7 1-0

[Event "XXIII Festival A"]
[Site "Arco ITA"]
[Date "2001.10.22"]
[Round "3"]
[White "Balogh, Csaba"]
[Black "Fercec, Nenad"]
[Result "0-1"]
[WhiteElo "2367"]
[BlackElo "2458"]
[PlyCount "86"]
[EventDate "2001.10.20"]

1.e4 c5 2.Nf3 d6 3.d4 cxd4 4.Nxd4 Nf6 5.Nc3 a6 6.g3 e5 7.Nb3 Bg4 8.Qd3 Nc6
9.Bg2 Nb4 10.Qd2 d5 11.a3 d4 12.Nd1 Nc6 13.O-O Be7 14.Qd3 O-O 15.f4 Nd7 
16.f5 f6 17.Bf3 Bxf3 18.Qxf3 Rc8 19.Bd2 a5 20.Nc1 a4 21.Nd3 Na5 22.Rc1 Nc4
23.Rf2 Nc5 24.Nxc5 Bxc5 25.Qd3 Be7 26.Bb4 Bxb4 27.axb4 Qb6 28.b3 axb3 29.
Qxb3 Kh8 30.Nb2 Nxb2 31.Qxb2 Rc4 32.b5 Rfc8 33.Ra1 h6 34.Kg2 Qc5 35.Kh3 
Rb4 36.Qa2 Qxb5 37.Rf3 Rb2 38.Qe6 Rbxc2 39.Ra2 R2c6 40.Qd7 Qb1 41.Ra7 R6c7
42.Qd5 Rc2 43.Qxb7 Rxh2+ 0-1

[Event "XXIII Festival A"]
[Site "Arco ITA"]
[Date "2001.10.22"]
[Round "3"]
[White "Belotti, Bruno"]
[Black "Rotstein, Arkadij"]
[Result "0-1"]
[WhiteElo "2403"]
[BlackElo "2500"]
[PlyCount "92"]
[EventDate "2001.10.20"]

1.e4 c5 2.Nc3 e6 3.Nf3 a6 4.d4 cxd4 5.Nxd4 b5 6.Bd3 Qb6 7.Nb3 Qc7 8.O-O 
Bb7 9.f4 Nf6 10.Qe2 b4 11.Nd1 a5 12.Nf2 Nc6 13.e5 Nd5 14.Ne4 Be7 15.Qf2 
Ba6 16.Bxa6 Rxa6 17.Be3 Nxe3 18.Qxe3 Qa7 19.Rae1 a4 20.Nbd2 f5 21.exf6 
Qxe3+ 22.Rxe3 gxf6 23.Rd3 f5 24.Nd6+ Bxd6 25.Rxd6 Ke7 26.Nc4 Rc8 27.Rfd1 
Nb8 28.Rxa6 Nxa6 29.Nb6 Rc7 30.Nxa4 Rxc2 31.Rd3 Nc7 32.Nb6 d5 33.Rb3 Na6 
34.Rh3 Kd6 35.Rxh7 Rxb2 36.Nc8+ Kc5 37.h4 Rxa2 38.Rb7 d4 39.h5 d3 40.Kh2 
d2 41.Rd7 Nb8 42.Rd3 b3 43.h6 b2 44.h7 b1=Q 45.h8=Q Qxd3 46.Qe5+ Qd5 0-1

[Event "XXIII Festival A"]
[Site "Arco ITA"]
[Date "2001.10.22"]
[Round "3"]
[White "Dervishi, Erald"]
[Black "De Santis, Alessio"]
[Result "1-0"]
[WhiteElo "2501"]
[BlackElo "2345"]
[PlyCount "75"]
[EventDate "2001.10.20"]

1.e4 c5 2.Nf3 e6 3.d4 cxd4 4.Nxd4 a6 5.Bd3 Qc7 6.Qe2 Ne7 7.O-O Nbc6 8.Nxc6
Nxc6 9.Qg4 h5 10.Qg5 Qa5 11.Qxa5 Nxa5 12.Be3 b5 13.a4 b4 14.Nd2 Bb7 15.Bb6
Nc6 16.Nc4 Na7 17.Na5 Nc8 18.Bd4 Bc6 19.f4 Nd6 20.Nxc6 dxc6 21.f5 exf5 22.
exf5 f6 23.Rfe1+ Kd7 24.Rad1 a5 25.Bb6 Kc8 26.c3 Kb7 27.Bf2 Nf7 28.Bc4 Ne5
29.Rxe5 fxe5 30.Rd7+ Kb8 31.Kf1 h4 32.Bb6 bxc3 33.bxc3 Rh6 34.Be6 Rh8 35.
c4 Ra6 36.Bc7+ Kb7 37.Bd6+ Ka8 38.Rd8+ 1-0

[Event "XXIII Festival A"]
[Site "Arco ITA"]
[Date "2001.10.22"]
[Round "3"]
[White "Drasko, Milan"]
[Black "Wohl, Aleksandar H."]
[Result "1/2-1/2"]
[WhiteElo "2508"]
[BlackElo "2379"]
[PlyCount "55"]
[EventDate "2001.10.20"]

1.d4 e6 2.c4 Bb4+ 3.Bd2 a5 4.Nc3 f5 5.g3 Nf6 6.Bg2 O-O 7.e3 Nc6 8.Nge2 d6 
9.O-O Kh8 10.Qc2 Bd7 11.Rad1 a4 12.d5 exd5 13.cxd5 Ne5 14.Nd4 Qe8 15.Nce2 
Bxd2 16.Rxd2 Ne4 17.Rdd1 c5 18.dxc6 bxc6 19.Nc3 d5 20.f3 Nf6 21.b3 axb3 
22.axb3 c5 23.Nde2 Nc6 24.Qd2 Nb4 25.Rfe1 Bc6 26.Nc1 Qh5 27.N3e2 Qf7 28.
Qc3 1/2-1/2

[Event "XXIII Festival A"]
[Site "Arco ITA"]
[Date "2001.10.22"]
[Round "3"]
[White "Godena, Michele"]
[Black "Friedrich, Norbert"]
[Result "1-0"]
[WhiteElo "2496"]
[BlackElo "2277"]
[PlyCount "66"]
[EventDate "2001.10.20"]

1.e4 c5 2.Nf3 e6 3.c3 Nf6 4.e5 Nd5 5.d4 cxd4 6.cxd4 d6 7.Bc4 Nb6 8.Bd3 Nc6
9.O-O Nb4 10.Be2 Be7 11.a3 Nc6 12.Bd3 Nd5 13.Qe2 Bd7 14.Be4 O-O 15.Rd1 Rc8
16.Bd2 a6 17.Nc3 Nxc3 18.Bxc3 d5 19.Bb1 f5 20.exf6 gxf6 21.Rd3 Rf7 22.Re3 
Bd6 23.Rxe6 Bxe6 24.Qxe6 Rc7 25.g3 Rd7 26.Qxd5 Kh8 27.Qh5 Rde7 28.Nh4 Rc7 
29.Bc2 Rg7 30.Ng6+ Rxg6 31.Bxg6 Qg8 32.Bc2 Re7 33.Re1 Rxe1+ 1-0

[Event "XXIII Festival A"]
[Site "Arco ITA"]
[Date "2001.10.22"]
[Round "3"]
[White "Isonzo, David"]
[Black "Tocco, Paolo"]
[Result "1-0"]
[WhiteElo "2343"]
[BlackElo "2134"]
[PlyCount "72"]
[EventDate "2001.10.20"]

1.e4 e5 2.Nf3 Nc6 3.Bb5 Nge7 4.O-O g6 5.d4 exd4 6.Bg5 Bg7 7.c3 h6 8.Bh4 g5
9.Bg3 a6 10.Bc4 d6 11.Nxd4 Nxd4 12.cxd4 Nc6 13.Nc3 Nxd4 14.f4 Be6 15.Bxe6 
Nxe6 16.f5 Nc5 17.Nd5 Nd7 18.f6 Bf8 19.Re1 Ne5 20.Qd4 Nc6 21.Qc3 Qd7 22.
Rad1 O-O-O 23.b4 Kb8 24.a4 Na7 25.b5 c6 26.Ne7 Bxe7 27.fxe7 Qxe7 28.Bxd6+ 
Rxd6 29.Qxh8+ Kc7 30.bxa6 bxa6 31.Qa8 Nc8 32.Rb1 Qe6 33.Qxa6 Rd4 34.Qa5+ 
Kd7 35.Rbd1 Rd6 36.Qb4 Ke8 1-0

[Event "XXIII Festival A"]
[Site "Arco ITA"]
[Date "2001.10.22"]
[Round "3"]
[White "Ivanov, Mikhail M."]
[Black "Slobodjan, Roman"]
[Result "1/2-1/2"]
[WhiteElo "2418"]
[BlackElo "2522"]
[PlyCount "24"]
[EventDate "2001.10.20"]

1.d4 d5 2.c4 c6 3.cxd5 cxd5 4.Nc3 Nf6 5.Bf4 Nc6 6.e3 a6 7.Bd3 e6 8.Rc1 Bd7
9.Nf3 Rc8 10.O-O Be7 11.h3 O-O 12.Ne5 b5 1/2-1/2

[Event "XXIII Festival A"]
[Site "Arco ITA"]
[Date "2001.10.22"]
[Round "3"]
[White "Kemeny, Matthias"]
[Black "Ager, Josef"]
[Result "1-0"]
[WhiteElo "2098"]
[BlackElo "2239"]
[PlyCount "47"]
[EventDate "2001.10.20"]

1.e4 d6 2.d4 Nf6 3.Nc3 g6 4.f4 Bg7 5.Nf3 O-O 6.Be2 Nbd7 7.O-O e5 8.fxe5 
dxe5 9.dxe5 Ng4 10.Bg5 f6 11.exf6 Bxf6 12.Qd5+ Kg7 13.Nd4 Nb6 14.Qxd8 Rxd8
15.Bxf6+ Nxf6 16.Ndb5 c6 17.Nc7 Rb8 18.Rad1 Bd7 19.e5 Ne8 20.Rxd7+ Rxd7 
21.Ne6+ Kh6 22.Rf3 Ng7 23.Rh3+ Nh5 24.g4 1-0

[Event "XXIII Festival A"]
[Site "Arco ITA"]
[Date "2001.10.22"]
[Round "3"]
[White "Kragelj, Igor"]
[Black "Ortega, Lexy"]
[Result "1-0"]
[WhiteElo "2278"]
[BlackElo "2494"]
[PlyCount "65"]
[EventDate "2001.10.20"]

1.d4 d5 2.c4 c6 3.Nf3 dxc4 4.e3 b5 5.a4 e6 6.axb5 cxb5 7.b3 Bb4+ 8.Bd2 
Bxd2+ 9.Nbxd2 a5 10.bxc4 b4 11.Ne5 Nf6 12.Be2 O-O 13.Bf3 Ra7 14.O-O Nfd7 
15.Nd3 Qc7 16.Qa4 Ra6 17.Rfc1 e5 18.Nb3 exd4 19.exd4 Nb6 20.Qb5 Bd7 21.Qc5
Bc6 22.d5 N6d7 23.Qe7 Ba8 24.Ra4 Qb6 25.Rca1 Qg6 26.Qe2 Nb6 27.Rxa5 Nxc4 
28.Rxa6 Nxa6 29.Nf4 Qd6 30.Qxc4 Bb7 31.g3 Rc8 32.Qb5 Rb8 33.Re1 1-0

[Event "XXIII Festival A"]
[Site "Arco ITA"]
[Date "2001.10.22"]
[Round "3"]
[White "Lettich, Sergio"]
[Black "Schaefer, Michael"]
[Result "0-1"]
[WhiteElo "2077"]
[BlackElo "2234"]
[PlyCount "124"]
[EventDate "2001.10.20"]

1.d4 Nf6 2.c4 c5 3.d5 e6 4.Nc3 exd5 5.cxd5 d6 6.e4 g6 7.Nf3 a6 8.a4 Bg4 9.
Be2 Bxf3 10.Bxf3 Nbd7 11.O-O Bg7 12.Be2 O-O 13.f3 Re8 14.Be3 Rb8 15.a5 Qc7
16.Qd2 Nh5 17.Rfe1 Re7 18.Bf1 f5 19.Bf2 f4 20.g4 fxg3 21.hxg3 Ne5 22.Be2 
Qd7 23.Kg2 Rf7 24.Be3 Rbf8 25.Rf1 Nf6 26.Rab1 h6 27.b4 cxb4 28.Rxb4 g5 29.
Rfb1 Qc8 30.Na4 Ne8 31.Rf1 Qd8 32.Nb6 Rc7 33.Rc1 Rxc1 34.Qxc1 Qf6 35.Qd1 
Rf7 36.Nc4 Qd8 37.Nxe5 Bxe5 38.Bb6 Qf6 39.Rc4 Qg6 40.Bd4 Re7 41.Bxe5 Rxe5 
42.Qb3 Re7 43.Rc8 h5 44.Rb8 Qg7 45.Qb4 Kh7 46.Bd3 Kh6 47.Rc8 h4 48.Rxe8 
Rxe8 49.Qxd6+ Qg6 50.Qxg6+ Kxg6 51.e5+ Kg7 52.e6 Kf6 53.gxh4 gxh4 54.Kh3 
Rc8 55.Kxh4 Rc5 56.Be4 Rxa5 57.Kh5 Ra1 58.f4 Ra4 59.Bc2 Rxf4 60.Bb3 Rd4 
61.Ba2 b5 62.Kh6 Rh4# 0-1

[Event "XXIII Festival A"]
[Site "Arco ITA"]
[Date "2001.10.22"]
[Round "3"]
[White "Luciani, Carlo"]
[Black "Dahm, Gerald"]
[Result "1-0"]
[WhiteElo "2241"]
[BlackElo "2076"]
[PlyCount "91"]
[EventDate "2001.10.20"]

1.e4 e6 2.d4 d5 3.Nd2 c5 4.exd5 exd5 5.Ngf3 Nc6 6.Bb5 cxd4 7.O-O Bd6 8.Nb3
Ne7 9.Nbxd4 O-O 10.h3 Bd7 11.Bd3 Nxd4 12.Nxd4 Be5 13.Bxh7+ Kxh7 14.Qh5+ 
Kg8 15.Qxe5 Re8 16.Qh5 g6 17.Qd1 Nf5 18.Nf3 Bc6 19.c3 Qb6 20.Qd2 Ng3 21.
Rd1 Ne2+ 22.Kh2 Qxf2 23.Qg5 Nxc1 24.Raxc1 Qxb2 25.Rd4 Re2 26.Nh4 Rae8 27.
Rf1 R8e7 28.Rf3 Qc2 29.Rg3 R2e5 30.Qh6 Be8 31.Nf3 Rf5 32.Rh4 Qxc3 33.Nd4 
Rh5 34.Rxc3 Rxh6 35.Rxh6 Re4 36.Nf3 d4 37.Rd3 Re2 38.Rxd4 Bc6 39.Kg3 Kg7 
40.Rdh4 f5 41.a4 a5 42.Kf4 Rxg2 43.Ng5 Rf2+ 44.Ke3 Rf1 45.Rd4 f4+ 46.Ke2 
1-0

[Event "XXIII Festival A"]
[Site "Arco ITA"]
[Date "2001.10.22"]
[Round "3"]
[White "Medancic, Rikard"]
[Black "Loktiev, Ivan"]
[Result "1/2-1/2"]
[WhiteElo "2237"]
[BlackElo "2353"]
[PlyCount "31"]
[EventDate "2001.10.20"]

1.d4 Nf6 2.c4 e6 3.Nf3 b6 4.Nc3 Bb7 5.Bg5 Be7 6.e3 h6 7.Bh4 Ne4 8.Bg3 Bb4 
9.Qc2 Bxc3+ 10.bxc3 Nxg3 11.hxg3 d6 12.Bd3 Nd7 13.Be4 Bxe4 14.Qxe4 Nf6 15.
Qf4 Nd7 16.Nd2 1/2-1/2

[Event "XXIII Festival A"]
[Site "Arco ITA"]
[Date "2001.10.22"]
[Round "3"]
[White "Murey, Jacob I."]
[Black "Scalcione, Michelangelo"]
[Result "1-0"]
[WhiteElo "2475"]
[BlackElo "2292"]
[PlyCount "77"]
[EventDate "2001.10.20"]

1.e4 e5 2.Nf3 d6 3.d4 exd4 4.Nxd4 Nf6 5.Nc3 Be7 6.Bf4 O-O 7.Be2 Re8 8.O-O 
Bf8 9.f3 c6 10.Kh1 b5 11.a3 a6 12.Qd2 c5 13.Nb3 Ra7 14.Rad1 Rd7 15.Nxb5 
axb5 16.Bxb5 Re6 17.Bxd7 Nbxd7 18.Na5 Ba6 19.c4 Qb6 20.b4 cxb4 21.axb4 Ne5
22.b5 Bb7 23.Be3 Qc7 24.Qa2 Re8 25.b6 Qc8 26.Qb3 Nc6 27.Nxb7 Qxb7 28.Ra1 
Nd7 29.Qb5 Nc5 30.Rfb1 Rc8 31.e5 Ne6 32.Qd5 Qd7 33.Rd1 Nb4 34.Qe4 Nc5 35.
Bxc5 Rxc5 36.b7 Qc7 37.exd6 Qb6 38.Ra8 Nc6 39.Qe8 1-0

[Event "XXIII Festival A"]
[Site "Arco ITA"]
[Date "2001.10.22"]
[Round "3"]
[White "Poropat, Marijan"]
[Black "Rigo, Janos"]
[Result "0-1"]
[WhiteElo "2108"]
[BlackElo "2338"]
[PlyCount "56"]
[EventDate "2001.10.20"]

1.Nf3 c5 2.g3 Nc6 3.Bg2 g6 4.O-O Bg7 5.c3 e5 6.d4 cxd4 7.cxd4 exd4 8.Na3 
Nge7 9.Nb5 Nf5 10.Bf4 O-O 11.g4 Nh4 12.Nc7 Nxg2 13.Kxg2 d6 14.Nxa8 Bxg4 
15.Qb3 Qd7 16.Rfd1 Rxa8 17.Qd5 Re8 18.Rd2 Rd8 19.a4 a6 20.Ng5 h6 21.Ne4 
Be6 22.Qxd6 Bh3+ 23.Kh1 Bg2+ 24.Kxg2 Qg4+ 25.Ng3 Rxd6 26.Bxd6 h5 27.f3 Qg5
28.f4 Qd5+ 0-1

[Event "XXIII Festival A"]
[Site "Arco ITA"]
[Date "2001.10.22"]
[Round "3"]
[White "Sulava, Nenad"]
[Black "Vismara, Daniele"]
[Result "1-0"]
[WhiteElo "2553"]
[BlackElo "2365"]
[PlyCount "77"]
[EventDate "2001.10.20"]

1.Nf3 d5 2.d4 c6 3.c4 Nf6 4.cxd5 cxd5 5.Nc3 Nc6 6.Bf4 a6 7.Rc1 Bf5 8.e3 
Rc8 9.Ne5 Nxe5 10.Bxe5 Nd7 11.Bd3 Bxd3 12.Qxd3 Nxe5 13.dxe5 e6 14.O-O Bb4 
15.Ne2 O-O 16.Rxc8 Qxc8 17.Rc1 Qb8 18.Qd4 Be7 19.Qc3 Bd8 20.Qc8 Bb6 21.
Qxb8 Rxb8 22.Nd4 Kf8 23.f4 Ke8 24.Kf2 Kd7 25.Nf3 f6 26.exf6 gxf6 27.g4 Rc8
28.Rxc8 Kxc8 29.g5 Bd8 30.Kg3 Kd7 31.Kg4 fxg5 32.fxg5 Bb6 33.Kh5 Bxe3 34.
Kh6 Bc1 35.Kxh7 Bxb2 36.g6 Kd6 37.h4 Bf6 38.h5 e5 39.h6 1-0

[Event "XXIII Festival A"]
[Site "Arco ITA"]
[Date "2001.10.22"]
[Round "3"]
[White "Valenti, Giuseppe"]
[Black "Koops, Randolf"]
[Result "1-0"]
[WhiteElo "2206"]
[BlackElo "2041"]
[PlyCount "47"]
[EventDate "2001.10.20"]

1.e4 Nc6 2.Nf3 f5 3.exf5 d5 4.d4 Bxf5 5.Bb5 Nf6 6.O-O Bg4 7.h3 Bd7 8.Re1 
h6 9.Bd3 Ne4 10.Nh4 Be6 11.f3 Ng5 12.Ng6 Qd6 13.Bf4 Qd7 14.Bxg5 hxg5 15.
Nxh8 O-O-O 16.Bf1 Bxh3 17.Nf7 e5 18.Nxe5 Nxe5 19.Rxe5 Bd6 20.gxh3 g4 21.
fxg4 Bxe5 22.dxe5 Rf8 23.Nd2 Qa4 24.Nf3 1-0

[Event "XXIII Festival A"]
[Site "Arco ITA"]
[Date "2001.10.23"]
[Round "4"]
[White "Astengo, Marcello"]
[Black "Luciani, Carlo"]
[Result "1-0"]
[WhiteElo "2076"]
[BlackElo "2241"]
[PlyCount "103"]
[EventDate "2001.10.20"]

1.d4 c5 2.c3 e6 3.Nf3 Nc6 4.Bf4 Nf6 5.e3 b6 6.Bd3 Bb7 7.Nbd2 Be7 8.h3 d6 
9.O-O O-O 10.Rc1 Rc8 11.Bb1 Rc7 12.dxc5 bxc5 13.Qc2 g6 14.Rcd1 Rd7 15.Qa4 
Kg7 16.Bd3 Nd5 17.Bg3 e5 18.Qc2 f6 19.a3 Ba8 20.Bc4 Na5 21.Ba2 Nb6 22.h4 
c4 23.h5 f5 24.Bb1 gxh5 25.Rfe1 h4 26.Bh2 Qe8 27.g4 Qg6 28.Bxe5+ Kg8 29.
Bf4 Qxg4+ 30.Kh2 Qh5 31.Nd4 Kh8 32.Nxf5 Bd8 33.Rg1 Nd5 34.Bh6 Rff7 35.e4 
Nf6 36.f3 Bxe4 37.fxe4 Ng4+ 38.Rxg4 Qxg4 39.Rg1 Qh5 40.Nf1 d5 41.Qg2 Bc7+ 
42.Kh1 Bg3 43.N1e3 Rf6 44.Bf4 Rg6 45.Qf1 dxe4 46.Bxe4 Rd2 47.Rg2 Rxg2 48.
Bxg2 Re6 49.Nxg3 hxg3+ 50.Bh3 Nb3 51.Kg2 Re4 52.Be5+ 1-0

[Event "XXIII Festival A"]
[Site "Arco ITA"]
[Date "2001.10.23"]
[Round "4"]
[White "De Santis, Alessio"]
[Black "Popa, Claudiu"]
[Result "1-0"]
[WhiteElo "2345"]
[BlackElo "2072"]
[PlyCount "115"]
[EventDate "2001.10.20"]

1.d4 d5 2.c4 dxc4 3.Nf3 Nf6 4.g3 c5 5.Bg2 Nc6 6.O-O cxd4 7.Qa4 Bd7 8.Qxc4 
Qb6 9.e3 dxe3 10.Bxe3 Qb4 11.Qc2 e6 12.Nc3 Be7 13.Rad1 O-O 14.Ng5 Rfd8 15.
a3 Qc4 16.Rfe1 Qa6 17.Bf1 Qa5 18.Nb5 Rac8 19.Qb1 a6 20.Nd6 Bxd6 21.Rxd6 h6
22.Nf3 Nd5 23.Qe4 Nxe3 24.Qxe3 Ne7 25.b4 Qc7 26.Rd2 Nd5 27.Qe4 Bc6 28.Ne5 
Nf6 29.Rxd8+ Rxd8 30.Qc2 Qb6 31.Nxc6 Qxc6 32.Qxc6 bxc6 33.Bxa6 Ra8 34.Bb7 
Rxa3 35.Bxc6 Nd5 36.b5 Rb3 37.Rd1 Nc3 38.Rd8+ Kh7 39.Rd3 Ne2+ 40.Kf1 Rxd3 
41.Be4+ Kg8 42.Bxd3 Nd4 43.b6 Nc6 44.Bb5 Nd8 45.Ke2 Kf8 46.Kd3 Ke7 47.Kc4 
Kd6 48.Be8 f5 49.Kb5 Nb7 50.Bc6 Nd8 51.Bg2 g5 52.h3 h5 53.h4 g4 54.f3 Ke5 
55.fxg4 fxg4 56.Kc5 Kf6 57.Kd6 e5 58.Bd5 1-0